000
00332nam a2200157Ia 4500
100
_a
Ananthasuresh/G.K
650
_a
Micro system
942
_c
BK
366
_f
20
654
_a
mciro
245
_a
Micro and smart systems
260
_b
Wiley India
_c
2010
082
_a
621.381
_b
ANA
300
_a
390
546
_a
ENGLISH
_c
TTL
999
_c
23561
_d
23561